Gyermekkor Bécsben

Elmentve itt :
Bibliográfiai részletek
Szerző: Popper, Karl
További közreműködők: Farkas János László
Adatforrás:Philobibl
Forrásdokumentuma:Európai Utas
5.1994:4. p. 66-68.
Dokumentumtípus: Cikk
Nyelv:magyar
Kulcsszavak:filozófia, osztrák
filozófiatörténet
LEADER 00409nab a2200133 c 4500
001 bibPHI0043921
005 20200924125212.2
008 130111s1994 hu hun
100 1 |a Popper, Karl 
245 1 0 |a Gyermekkor Bécsben  |c Karl Popper ; [ford. Farkas János László] 
695 |a filozófia, osztrák 
695 |a filozófiatörténet 
700 1 |a Farkas János László 
773 0 |t Európai Utas  |g 5.1994:4. p. 66-68.